000 01566nam a2200493 i 4500
001 45081
003 KOSZ 005
005 20200210115732.0
008 010116s1976 pl a f f |001 0 pol
015 _aPB 1977/49
035 _a991015535449705066
035 _a(PL-WaBN)b14173670-48omnis_nlop
035 _ab14173670
035 _a(OCoLC)830211971
035 _a(PL)b0000001417367
035 _a(EXLNZ-48OMNIS_NETWORK)9910441307705606
040 _aWA N
_cWA N
_dKOSZ 005/HR
041 0 _apol
046 _k1976
080 _a548
080 _a(075.8)
100 1 _aPenkala, Tadeusz
_d(1912-1983)
_eAutor
245 1 0 _aZarys krystalografii /
_cTadeusz Penkala.
250 _aWyd. 2 zm.
260 _aWarszawa :
_bPańst. Wydaw. Naukowe,
_c1976.
300 _a466, [2] s., [2] k. tabl. (w tym 1 kolor.) :
_bil., err. ;
_c25 cm.
336 _2rdacontent
_aTekst
_btxt
337 _2rdamedia
_aBez urządzenia pośredniczącego
_bn
338 _2rdacarrier
_aWolumin
_bnc
380 _aKsiążki
380 _aPublikacje dydaktyczne
385 _aPoziom nauczania
_mSzkoły wyższe
388 _a1901-2000
388 _a1945-1989
504 _aBibliogr. - Indeks.
650 7 _aKrystalografia
_2DBN
655 7 _aPodręczniki akademickie
_2DBN
658 _aChemia
658 _aFizyka i astronomia
710 2 _aPaństwowe Wydawnictwo Naukowe
856 _uhttp://koha.tu.koszalin.pl/cgi-bin/koha/opac-detail.pl?biblionumber=45081
_yKatalog online BPK
942 _2UKD
_cKS
999 _c45081
_d45081